Analýza zdrojov ekonomického rastu metódou celkovej produktivity faktorov v Slovenskej republike v rokoch 1995-2006

Teoretické východiská analýzy založenej na rastovom účtovníctve , historické pozadie jeho vzniku. Formálna stránka rastového účtovníctva, ktorá slúži ako základ analýzy zdrojov ekonomického rastu. Výsledky analýzy.

Gespeichert in:
Bibliographische Detailangaben
1. Verfasser: Lábaj, Martin, 1982-
Format: Buchkapitel
Sprache:Slowakisch
Schlagworte:
Tags: Tag hinzufügen
Keine Tags, Fügen Sie das erste Tag hinzu!

MARC

LEADER 00000naa$a2200000$$$4500
001 0070200
005 20260206093418.7
041 0 |a slo 
044 |a SK 
245 1 0 |a Analýza zdrojov ekonomického rastu metódou celkovej produktivity faktorov v Slovenskej republike v rokoch 1995-2006  |c Martin Lábaj 
520 |a Teoretické východiská analýzy založenej na rastovom účtovníctve , historické pozadie jeho vzniku. Formálna stránka rastového účtovníctva, ktorá slúži ako základ analýzy zdrojov ekonomického rastu. Výsledky analýzy. 
610 2 0 |a rast hospodársky 
610 2 0 |a analýza ekonomická 
610 2 0 |a účtovníctvo rastu 
610 2 0 |a Slovensko 
100 1 |a Lábaj, Martin, 1982-